| 000 | 00925 a2200241 4500 | ||
|---|---|---|---|
| 003 | Nust | ||
| 005 | 20230127103536.0 | ||
| 010 | _a 2004016408 | ||
| 020 | _a0073203823 (alk. paper) | ||
| 040 | _cNust | ||
| 082 | 0 | 0 | _a658.152,BLA |
| 100 | 1 | _aBlank, Leland T. | |
| 245 | 1 | 0 |
_aEngineering economy / _cLeland Blank, Anthony Tarquin. |
| 250 | _a6th ed. | ||
| 260 |
_aBoston : _bMcGraw-Hill, _cc2005. |
||
| 300 |
_axix, 770 p. : _bill. ; _c24 cm. |
||
| 440 | 0 |
_aMcGraw-Hill series in industrial engineering and management science _955555 |
|
| 505 | _aThis Is How It All Starts (Page-2), Tools For Evaluation Alternatives (Page-166), Making Decisions On Real-World Project (Page-384), Rounding Out The Study (Page-468). | ||
| 650 | 0 | _aEngineering economy. | |
| 700 | 1 |
_aTarquin, Anthony. _9107855 |
|
| 856 | 4 | 1 |
_3Table of contents _uhttp://www.loc.gov/catdir/toc/ecip0420/2004016408.html |
| 942 |
_2ddc _cBK _k658.152,BLA |
||
| 999 |
_c189008 _d189008 |
||